| 000 -LEADER |
| fixed length control field |
01307 a2200241 4500 |
| 003 - CONTROL NUMBER IDENTIFIER |
| control field |
Nust |
| 005 - DATE AND TIME OF LATEST TRANSACTION |
| control field |
20221117101158.0 |
| 010 ## - LIBRARY OF CONGRESS CONTROL NUMBER |
| LC control number |
96003272 |
| 020 ## - INTERNATIONAL STANDARD BOOK NUMBER |
| International Standard Book Number |
0780334108 (hardcover) |
| 020 ## - INTERNATIONAL STANDARD BOOK NUMBER |
| International Standard Book Number |
0819421499 (softcover) |
| 040 ## - CATALOGING SOURCE |
| Transcribing agency |
Nust |
| 082 00 - DEWEY DECIMAL CLASSIFICATION NUMBER |
| Classification number |
621.367,WEE |
| 100 1# - MAIN ENTRY--PERSONAL NAME |
| Personal name |
Weeks, Arthur R. |
| 9 (RLIN) |
80043 |
| 245 10 - TITLE STATEMENT |
| Title |
Fundamentals of electronic image processing / |
| Statement of responsibility, etc. |
Arthur R. Weeks |
| 260 ## - PUBLICATION, DISTRIBUTION, ETC. |
| Place of publication, distribution, etc. |
Washington |
| Name of publisher, distributor, etc. |
SPIE Optical Engineering Press ; |
| Place of publication, distribution, etc. |
New York : |
| Name of publisher, distributor, etc. |
IEEE Press, |
| Date of publication, distribution, etc. |
c1999. |
| 300 ## - PHYSICAL DESCRIPTION |
| Extent |
xiii, 570 p. : |
| Other physical details |
ill. (some col.), maps ; |
| Dimensions |
26 cm. |
| 440 #0 - SERIES STATEMENT/ADDED ENTRY--TITLE |
| Title |
SPIE/IEEE series on imaging science & engineering |
| 9 (RLIN) |
99494 |
| 505 ## - FORMATTED CONTENTS NOTE |
| Formatted contents note |
Introduction to Electronic Image Processing (Page-1), Transforms used in Electronic Image Processing (Page-40), Image Enhancement by Point Operation (Page-90), Spatial Filtering and Fourier Frequency Methods (Page-121), Nonlinear Image Processing Techniques (Page-173), Color Image Processing (Page-228), Image Geometry and Morphological Filters (Page-294), Image Segmentation and Representation (Page-387), Image Compression (Page-471). |
| 650 #0 - SUBJECT ADDED ENTRY--TOPICAL TERM |
| Topical term or geographic name entry element |
Image processing. |
| 856 42 - ELECTRONIC LOCATION AND ACCESS |
| Materials specified |
Publisher description |
| Uniform Resource Identifier |
<a href="http://www.loc.gov/catdir/description/wiley037/96003272.html">http://www.loc.gov/catdir/description/wiley037/96003272.html</a> |
| 856 42 - ELECTRONIC LOCATION AND ACCESS |
| Materials specified |
Table of Contents |
| Uniform Resource Identifier |
<a href="http://www.loc.gov/catdir/toc/onix07/96003272.html">http://www.loc.gov/catdir/toc/onix07/96003272.html</a> |
| 942 ## - ADDED ENTRY ELEMENTS (KOHA) |
| Source of classification or shelving scheme |
|
| Koha item type |
Book |